[Event "40th Olympiad Open"]
[Site "Istanbul TUR"]
[Date "2012.09.09"]
[Round "11.74"]
[Board "4"]
[White "Manuel, Menandro"]
[Black "Cecchetti, Roberto"]
[Result "0-1"]
[WhiteElo "1922"]
[BlackElo "1910"]
[WhiteTeam "Palau"]
[BlackTeam "San Marino"]
[WhiteFideId "16600029"]
[BlackFideId "11800160"]
[EventDate "2012.08.28"]

1. d4 Nf6 2. c4 b6 3. Nc3 Bb7 4. f3 d5 5. cxd5 Nxd5 6. e4 Nxc3 7. bxc3 e6 8. Be3
Nd7 9. Ne2 Be7 10. g3 h5 11. Bg2 h4 12. Qb3 Bd6 13. O-O-O Rh5 14. c4 Ra5 15. c5
Be7 16. Bd2 Ra6 17. Nc3 bxc5 18. dxc5 Bxc5 19. Na4 Rb8 20. Bf1 Rc6 21. Bb5 Ba3+
22. Kb1 Ba8 23. Qxa3 Rxb5+ 24. Ka1 Qf6+ 25. Bc3 Qxf3 26. Rhf1 Qxe4 27. Rxf7 Rb1+
28. Rxb1 Kxf7 29. Rf1+ Nf6 30. Qb2 Qd3 31. Re1 Rc4 32. Qb3 Bd5 33. Nb2 Qxc3 34.
Qxc3 Rxc3 35. gxh4 Ra3 36. Rc1 c6 37. Nc4 Ra4 38. Ne5+ Kg8 39. Nxc6 Rxa2+ 40.
Kb1 Rxh2 41. Nxa7 Rxh4 42. Nc8 Rh1 0-1

[Event "40th Olympiad Open"]
[Site "Istanbul TUR"]
[Date "2012.09.09"]
[Round "11.77"]
[Board "1"]
[White "Njili, Kamel"]
[Black "Meshkov, Yuri A."]
[Result "0-1"]
[WhiteTitle "FM"]
[BlackTitle "IM"]
[WhiteElo "2357"]
[BlackElo "2390"]
[WhiteTeam "Tunisia"]
[BlackTeam "IBCA"]
[WhiteFideId "5500869"]
[BlackFideId "4107101"]
[EventDate "2012.08.28"]

1. e4 c5 2. Nf3 g6 3. d4 Bg7 4. c4 d6 5. dxc5 Qa5+ 6. Nc3 dxc5 7. Bd2 Nc6 8. Nb5
Qd8 9. Bf4 e5 10. Qxd8+ Kxd8 11. O-O-O+ Ke7 12. Be3 b6 13. Nc7 Rb8 14. Nd2 Nd4
15. f4 Bg4 16. Re1 Kd7 17. Nd5 Re8 18. Bd3 exf4 19. Bxf4 Be5 20. Bxe5 Rxe5 21.
Rhf1 Be6 22. Nf3 Nxf3 23. gxf3 g5 24. h4 h6 25. Rh1 Ne7 26. hxg5 Rxg5 27. f4 Rg3
28. Bc2 Bxd5 29. cxd5 Ng6 30. Rhf1 Kd6 31. Bb3 c4 32. Bd1 h5 33. Re2 h4 34. Kd2
h3 35. Re3 Rg2+ 36. Kc3 h2 0-1

[Event "40th Olympiad Open"]
[Site "Istanbul TUR"]
[Date "2012.09.09"]
[Round "11.77"]
[Board "4"]
[White "Ross, Chris N"]
[Black "Boudriga, Med Ali"]
[Result "0-1"]
[WhiteElo "2231"]
[BlackElo "2191"]
[WhiteTeam "IBCA"]
[BlackTeam "Tunisia"]
[WhiteFideId "410411"]
[BlackFideId "5500460"]
[EventDate "2012.08.28"]

1. d4 d5 2. c4 dxc4 3. Nf3 Nf6 4. e3 e6 5. Bxc4 c5 6. O-O a6 7. a3 b5 8. Ba2 Bb7
9. Qe2 Nbd7 10. Rd1 Qc7 11. Nc3 Be7 12. Bd2 Rc8 13. Rac1 Qb8 14. Be1 O-O 15.
dxc5 Nxc5 16. Nd4 Rfd8 17. f3 Bd6 18. g4 Ba8 19. b4 Ncd7 20. Bh4 Re8 21. g5 Nh5
22. Bb1 g6 23. Ne4 Rxc1 24. Rxc1 Ne5 25. a4 Bxb4 26. axb5 axb5 27. f4 Nc4 28.
Nxb5 Nxe3 29. Nc7 Rc8 30. Qxe3 Rxc7 31. Rd1 Rc8 32. Bg3 Qb7 33. Qd4 Bc5 34. Nf6+
Nxf6 0-1

[Event "40th Olympiad Open"]
[Site "Istanbul TUR"]
[Date "2012.09.09"]
[Round "11.78"]
[Board "1"]
[White "Adu, Oladapo"]
[Black "Yarmonov, Igor"]
[Result "1-0"]
[WhiteTitle "IM"]
[BlackTitle "IM"]
[WhiteElo "2227"]
[BlackElo "2333"]
[WhiteTeam "Nigeria"]
[BlackTeam "IPCA"]
[WhiteFideId "8500258"]
[BlackFideId "14114496"]
[EventDate "2012.08.28"]

1. Nf3 Nf6 2. g3 d6 3. Bg2 Nbd7 4. O-O e5 5. d3 Be7 6. e4 O-O 7. Nbd2 Nc5 8. a4
Bd7 9. b3 Qc8 10. Ba3 b6 11. Nc4 Re8 12. Nh4 Bh3 13. Ne3 Bxg2 14. Kxg2 Ne6 15.
Nhf5 Bf8 16. f4 exf4 17. gxf4 g6 18. Ng3 Bg7 19. f5 Nd4 20. Bb2 c5 21. c4 a6 22.
Bxd4 cxd4 23. Ng4 Nxg4 24. Qxg4 Be5 25. Qh4 Qd8 26. Qh6 Bg7 27. Qh3 Qg5 28. Ra2
Be5 29. Raf2 Ra7 30. Kh1 f6 31. Ne2 Rg7 32. Nf4 Bxf4 33. Rxf4 Rf8 34. Qf3 gxf5
35. Rxf5 Qd2 36. Rd5 Kh8 37. Rxd6 1-0

[Event "40th Olympiad Open"]
[Site "Istanbul TUR"]
[Date "2012.09.09"]
[Round "11.78"]
[Board "2"]
[White "Valenta, Vit"]
[Black "Bomo, Kigigha"]
[Result "1-0"]
[BlackTitle "CM"]
[WhiteElo "2162"]
[BlackElo "2046"]
[WhiteTeam "IPCA"]
[BlackTeam "Nigeria"]
[WhiteFideId "307440"]
[BlackFideId "8500037"]
[EventDate "2012.08.28"]

1. b4 Nf6 2. Bb2 g6 3. c4 Bg7 4. Nf3 O-O 5. g3 d6 6. Bg2 e5 7. d3 Ne8 8. e4 Nc6
9. b5 Ne7 10. O-O f5 11. Nc3 c5 12. bxc6 Nxc6 13. Nd5 Be6 14. Rb1 fxe4 15. dxe4
Na5 16. Bc3 Rb8 17. Qa4 Nc6 18. Rfd1 Bg4 19. Rd3 Qd7 20. c5 Rd8 21. Qb3 Kh8 22.
Qxb7 Rb8 23. Qxb8 Nxb8 24. Rxb8 Bxf3 25. Rxf3 Rxf3 26. Bxf3 h5 27. Be2 Kh7 28.
Bb5 Qg4 29. Bxe8 Qxe4 30. Ne7 Qe2 31. Bxg6+ Kh6 32. Rb2 Qd1+ 33. Kg2 Bf6 34. Bc2
Qe2 35. Nf5+ Kg5 36. h4+ Kg4 1-0